MDQL
is popping MORE tags! Check the
thread
!
Quizzes
Events
Quiz Creation
Community
Videos
Private Events
Remove Ads
Sign In
Join for FREE
Feedback
Dark Mode
Quiz Categories
Sports
Geography
Music
Movies
Television
Just For Fun
Miscellaneous
History
Literature
Language
Science
Gaming
Entertainment
Religion
Holiday
For Kids
Quiz Lab
Recent
Popular Today
Quiz Kudos Today
Editor Picks
Curator Picks
Quizzes by...
Day
Popularity
Type
Ratings
Length
Year
Community
Subscriptions
Recent Discussions
Orange Saloon
Badges
Playlists
Quests
Create
Leaderboards
Showdown
Live 5
Trivia Bingo
Activity
Puzzle Library
Sporcle Events
Private Events
Virtual Trivia
Globe League
Become a Host
Pub Owners
SporcleCon
Opinionation
Our Games
Videos
Blog
Mobile Apps
Partnerships
Remove Ads and Go Orange
Feedback
Sports
Athletes
MLB
NBA
NHL
NFL
Soccer
Sports Teams
WWE
NCAA
Football
Premier League
Basketball
Baseball
Hockey
Golf
Tennis
Cricket
Rugby
Auto Racing
Olympics
World Cup
Sports
Athletes
MLB
NBA
NHL
NFL
Soccer
Sports Teams
WWE
NCAA
Football
Premier League
Basketball
Baseball
Hockey
Golf
Tennis
Cricket
Rugby
Auto Racing
Olympics
World Cup
Random Quiz
Search Sporcle
×
Quiz Lab
Quiz Lab
Sports
NHL
Type in answers that appear in a list
Type in answers that appear in a list
Classic
Best Score? Go Orange.
Name the NHL player's team Stats
Can you name the NHL player's team?
By
alkat20
6m
60 Questions
100 Plays
100 Plays
100 Plays
Comments
Comments
Give Quiz Kudos
Give Quiz Kudos
-
- Ratings
hide this ad
More Info
Forced Order
Answers have to be entered in order
Answers have to be entered in order
Replay
Link that replays current quiz
Next Quiz
Link to next quiz in quiz playlist
You Got
0%
They Got
Avg Score
60%
Avg Friend Score
Upgrade to see
Score Distribution
Jump to the score distribution portion of the page
Score
0/60
Timer
06:00
0
Plays Today
Player
Team
% Correct
Alex Ovechkin
Capitals
90%
Dion Phaneuf
Maple Leafs
82%
Semyon Varlamov
Capitals
81%
Devin Setoguchi
Sharks
80%
P.K. Subban
Canadiens
80%
T.J. Oshie
Blues
78%
Kris Versteeg
Maple Leafs
77%
George Parros
Ducks
77%
Sergei Gonchar
Senators
77%
Shawn Horcoff
Oilers
77%
Wayne Simmonds
Kings
76%
Michael Del Zotto
Rangers
76%
James van Riemsdyk
Flyers
76%
Andrei Kostitsyn
Canadiens
76%
Rene Bourque
Flames
74%
David Legwand
Predators
72%
Nik Antropov
Thrashers
72%
Justin Abdelkader
Red Wings
71%
Andrew Cogliano
Oilers
70%
Niklas Hjalmarsson
Blackhawks
69%
Tyler Kennedy
Penguins
68%
Matt Moulson
Islanders
68%
Dennis Seidenberg
Bruins
67%
Wojtek Wolski
Rangers
66%
Stephane Robidas
Stars
66%
Jarret Stoll
Kings
66%
Simon Gagne
Lightning
66%
Kristian Huselius
Blue Jackets
65%
Nick Foligno
Senators
64%
Dan Hamhuis
Canucks
63%
Player
Team
% Correct
Jamie Benn
Stars
61%
David Moss
Flames
61%
Lee Stempniak
Coyotes
60%
Dennis Wideman
Panthers
59%
Lubomir Visnovsky
Ducks
59%
Marc-
Edouard Vlasic
Sharks
59%
Fedor Tyutin
Blue Jackets
57%
Brandon Sutter
Hurricanes
57%
Jon Sim
Islanders
56%
Tomas Kopecky
Blackhawks
56%
Daniel Paille
Bruins
55%
Michael Frolik
Panthers
55%
Zbynek Michalek
Penguins
55%
Nathan Gerbe
Sabres
54%
Brandon Yip
Avalanche
51%
Dan Ellis
Lightning
50%
Sergei Kostitsyn
Predators
48%
Chuck Kobasew
Wild
47%
Johan Hedberg
Devils
46%
Martin Hanzal
Coyotes
44%
Chris Mason
Thrashers
43%
T.J. Galiardi
Avalanche
43%
Jordan Leopold
Sabres
43%
Andreas Nodl
Flyers
42%
Roman Polak
Blues
39%
Pierre-
Luc Letourneau-
Leblond
Devils
35%
Adam McQuaid
Bruins
35%
Paul Szczechura
Lightning
30%
Tom Kostopoulos
Flames
28%
Byron Bitz
Panthers
26%
Quiz Playlist
Details
Report
Send in Message
Add To Playlist
More Info:
Rosters as of August 5th 2010
Classic:
Type in answers that appear in a list
Forced Order:
Answers have to be entered in order
Last Updated: Feb 16, 2017
Quiz Scoreboard
CHALLENGE
Sign Up to Join the Scoreboard
Show All
Scores
Hide
Comments
May contain spoilers
Recently Published
Two Season TV Shows II
by 123Four
Television
10m
Image Sorting: Flags VI
by Barbecue
Geography
2m
Find the 'City' Movie
by crazypaving
Movies
60s
More to Explore
Quiz From the Vault
Featured Blog Post
14 Easter Pick-up Lines to Find Eggs With
hide this ad
You Might Also Like...
Tags
NHL Quiz
Player
team
Today's Top Quizzes in Sports
Browse Sports
hide this ad
Today's Top Quizzes in NHL
Browse NHL
Top Contributed Quizzes in Sports
1
Les meilleurs buteurs des matchs entre le PSG et l’OM
2
Les entraîneurs de l'OM et du PSG au 21e siècle
3
2022 World Cup Stars
4
Les joueurs passés par le PSG et l'OM
5
Players with Multiple 50 Home Run Seasons
6
Criteria MLB: Left Handed Sluggers
7
FIFA Club World Cup Champions
8
Les joueurs passés par le LOSC et le RC Lens
9
NBA Logic Puzzle 2.0
10
Top 10 NHL Goal Scorers of All Time
Explore More
Trending Topics
Crossword
Anime
Harry Potter
Kpop
NBA
Marvel
Disney
NFL
Puzzle
Soccer
WWE
Pokémon
Song
Country
The Office
hide this ad
More By:
alkat20
Quiz
Plays
Rating
Category
Featured
Created
NHL Defensemen points leaders since 2005
1,725
4.39
Sports
Aug 9, 2010
NHL goals against leaders since 2005
150
4.20
Sports
Aug 9, 2010
Name the NHL Player's Team (2)
104
4.33
Sports
Feb 2, 2011
Name the NHL player's team
100
3.75
Sports
Aug 6, 2010
Highest Single Game Strikeout Total Since 2004
74
3.33
Sports
Aug 4, 2011
Go to Creator's Profile
Score Distribution
Quiz Creator Spotlight
alkat20
Follow
Send a Message
Quizzes Created
-
Created Quiz Play Count
-
More By This Creator
Popular Quizzes Today
1
Colored Red Africa Blitz
2
Find the US States - No Outlines Minefield
3
Find the 'City' Movie
4
5x2 Blitz: Bands
5
The Countries of the World
6
Find the US States
7
Find the Countries of Europe - No Outlines Minefield
8
US States
More Sports Quizzes
USWNT Most Common Opponents
Quiz Lab
Trending Quizzes
Colored Red Europe Blitz I
Colored Red Africa Blitz II
Colored Red Europe Blitz II
Colored Red Africa Blitz III
Colored Red Europe Blitz III
Recently Updated
How Do You Spell That?
pecheneg
Godzilla Movies
pecheneg
Grab Bag: 4-10 Letters
pecheneg
2024 March Madness Bracket
pecheneg
Famous TV Couples
Peacemaker
Champions League XIs: Real Madrid
pecheneg
Largest US Cities 1790-2010
pecheneg
Rides in Walt Disney World
pecheneg
Most Oscar Losses (Acting)
pecheneg
Beyoncé Albums
pecheneg
Trending Topics
Marvel
Kpop
Harry Potter
Anime
Disney
NBA
Crossword
The Office
Pokémon
Country
Puzzle
NFL
Soccer
WWE
Song
Your Account Isn't Verified!
In order to create a playlist on Sporcle, you need to verify the email address you used during registration. Go to your
Sporcle Settings
to finish the process.
Report this User
Report this user for behavior that violates our
Community Guidelines
.
Details:
Send Report
Go to the Sporcle.com Mobile Site →
Comments